[Event "5 Fest.Intern. USCIAMO DALLO STALLO"]
[Site "?"]
[Date "2023.06.24"]
[Round "3"]
[White "Zincani, Riccardo"]
[Black "Cecere, Enrico"]
[Result "1-0"]
[WhiteElo "1830"]
[BlackElo "1976"]
[PlyCount "73"]
[EventDate "2023.??.??"]

1. e4 c6 2. d4 d5 3. e5 Bf5 4. h4 h5 5. Bg5 Qb6 6. Bd3 Qxd4 7. Nf3 Qg4 8. Bxf5
Qxf5 9. O-O f6 10. Nd4 Qxe5 11. Re1 Qd6 12. Ne6 fxg5 13. hxg5 Nd7 14. Qd3 Nh6
15. gxh6 Rxh6 16. Qf5 Nf6 17. Nd2 g6 18. Qg5 Nh7 19. Qe3 g5 20. Nf3 Kf7 21.
Nfxg5+ Nxg5 22. Nxg5+ Kg8 23. Ne6 Rg6 24. c4 Bh6 25. Qh3 Kh8 26. c5 Qb8 27.
Qxh5 Kh7 28. Re5 Qg8 29. Nf4 Rg7 30. Re6 Rxg2+ 31. Kh1 Qxe6 32. Nxe6 Rg6 33.
Re1 Rag8 34. Nf4 Rg5 35. Rxe7+ R8g7 36. Rxg7+ Kxg7 37. Ne6+ 1-0